Nas Songs - Sudden Death - Statistics

General Stats
  • This quiz has been taken 94 times
    47 since last reset
  • The average score is 9 of 20
Answers on the Grid
Answers color-coded by a green-red scale on the quiz's grid according to % correct below.
N.Y. State of Mind
The World Is Yours
It Ain’t Hard to Tell
Ebonics
Made You Look
Amnesia
Doomsday
Thief's Theme
Umi Says
My Bible
Crime Pays
Rare
Breakfast
The Message
Ether
War
Breathe and Stop
Rewind
Streets Is Watching
Daughers
Journey
The Don
27 Summers
Reagan
Soul Food
Halftime
February
Get Down
Questions
I Can
The Light
Jazz
Street Dreams
End of Days
Meet the Parents
King’s Disease
Us
Snow
One Mic
 
Answer Stats
Answer % Correct
N.Y. State of Mind
95%
It Ain’t Hard to Tell
79%
The World Is Yours
77%
Ether
69%
Halftime
56%
King’s Disease
56%
Street Dreams
56%
I Can
54%
The Message
54%
One Mic
51%
Made You Look
49%
Thief's Theme
41%
Get Down
38%
Rewind
33%
27 Summers
23%
Daughers
18%
My Bible
15%
The Don
15%
Rare
13%
War
13%
No matching quizzes found
Score Distribution
Percent of People with Each Score
Percentile by Number Answered
Your Score History
You have not taken this quiz since the last reset